| 000 | 00829 a2200217 4500 | ||
|---|---|---|---|
| 008 | 080822t xxu||||| |||| 00| 0 eng d | ||
| 010 | _aENG-85103 | ||
| 020 |
_a8188689238 _c395.00 |
||
| 035 | _aEN-68636 | ||
| 037 | _bD.B.Act / Pub | ||
| 082 | _a658.4013 | ||
| 100 | _aTrenerry, Alan | ||
| 245 |
_aPrinciples of internal control _cby Tony Dawson |
||
| 260 |
_aNew Delhi _bOverseas Press India _c2006 |
||
| 270 |
_a7/28, Ansari Road, Darya Ganj _bNew Delhi _e110 002 _moverseas@de13.vsnl.nic.in |
||
| 300 |
_axv,350p. _b24cm.(Pbk) |
||
| 500 | _aincludes glossary and index | ||
| 710 | _b. | ||
| 942 |
_adpl _cEN _k658.4013 / TRE _2ddc _h658.4013 _mTRE |
||
| 999 |
_c1353 _d1353 |
||